Normal view MARC view

Entry Nombre personal

Number of records used in: 2

001 - NÚMERO DE CONTROL

  • campo de control: 1126

003 - IDENTIFICADOR DE NÚMERO DE CONTROL

  • campo de control: DLC

005 - FECHA Y HORA DE LA ÚLTIMA TRANSACCIÓN

  • campo de control: 20260425093420.0

008 - ELEMENTOS DE DATO DE LONGITUD-FIJA

  • campo de control de longitud fija: 910124n| acannaab| |n aaa |||

010 ## - NÚMERO DE CONTROL DE LA BIBLIOTECA DEL CONGRESO

  • Número de control de LC: n 91007359

040 ## - FUENTE DE CATALOGACIÓN

  • Centro catalogador/agencia de origen: DLC
  • Centro/agencia transcriptor: DLC
  • Centro/agencia modificador: DLC

100 10 - ENCABEZAMIENTO-NOMBRE DE PERSONA

  • Nombre de persona: Nile, Richard

670 ## - FUENTE DE DATOS ENCONTRADOS

  • Cita de la fuente: His The making of a really modern witch, 1990:
  • Información encontrada: t.p. (Richard Nile)

670 ## - FUENTE DE DATOS ENCONTRADOS

  • Cita de la fuente: His Australian aborigines, 1992:
  • Información encontrada: CIP t.p.(Richard Nile) data sheet (b. 1958)